000 00389nam a2200157Ia 4500
008 221030s9999 xx 000 0 und d
041 _aEnglish
082 _a105.23
_bBha
100 _aN. D. Bhatt
245 0 _aMachine Drawing In first Angle Projection Method
260 _bCharotar Pub
_aAnand
_c1996
300 _a315
650 _aMechanical
700 _aV. M. Panchal
942 _cBK
999 _c1426
_d1426